[Event "AUT-chT2O 1314"]
[Site "Austria"]
[Date "2014.03.22"]
[Round "10.6"]
[White "Plank, Reinhard"]
[Black "Hechl, Gerald"]
[Result "0-1"]
[WhiteElo "1918"]
[BlackElo "2182"]
[PlyCount "40"]
[EventDate "2013.10.05"]
[EventType "team-tourn"]
[EventRounds "11"]
[EventCountry "AUT"]
[SourceTitle "EXT 2015"]
[Source "ChessBase"]
[SourceDate "2014.11.20"]
[SourceVersion "1"]
[SourceVersionDate "2014.11.20"]
[SourceQuality "1"]
[WhiteTeam "Mattersburg"]
[BlackTeam "Eichgraben"]
[WhiteTeamCountry "AUT"]
[BlackTeamCountry "AUT"]

1. e4 c5 2. Nf3 e6 3. d4 cxd4 4. Nxd4 Bc5 5. Nb3 Bb6 6. c4 Ne7 7. Nc3 Nbc6 8. Be2 0-0 9. 0-0 f5 10. c5 Bc7 11. Nd4 Nxd4 12. Qxd4 Nc6 13. Qa4 f4 14. Nb5 Be5 15. f3 a6 16. Rd1 Qh4 17. Rb1 Rf6 18. Bd2 axb5 19. Qxa8 Bd4+ 20. Kh1 Qxh2+ 0-1

[Event "Vienna Husek op-B"]
[Site "Vienna"]
[Date "2012.08.17"]
[Round "5"]
[White "Cvetanovic, Damjan"]
[Black "Plank, Reinhard"]
[Result "1-0"]
[WhiteElo "1873"]
[BlackElo "1751"]
[PlyCount "71"]
[EventDate "2012.08.13"]
[EventType "swiss"]
[EventRounds "7"]
[EventCountry "AUT"]
[SourceTitle "EXT 2014"]
[Source "ChessBase"]
[SourceDate "2013.11.20"]
[SourceVersion "1"]
[SourceVersionDate "2013.11.20"]
[SourceQuality "1"]

1. d4 d5 2. c4 e6 3. Nf3 Nf6 4. g3 c6 5. Bg2 dxc4 6. 0-0 Be7 7. Ne5 0-0 8. e3 Bd7 9. Qc2 Na6 10. a3 Qc7 11. Qxc4 Rac8 12. b4 Qb6 13. Bd2 Rfd8 14. Rc1 Nc7 15. Nc3 a6 16. Rab1 Be8 17. a4 Qa7 18. Be1 Ncd5 19. a5 Nxc3 20. Bxc3 Qb8 21. e4 Nd7 22. Nd3 Bf6 23. Nc5 Nf8 24. e5 Be7 25. Bh3 Bxc5 26. bxc5 Qc7 27. Bg2 Ng6 28. Rb6 Ra8 29. Rcb1 Rdb8 30. Qb3 Ra7 31. Bf1 Ne7 32. Rxa6 Rxa6 33. Bxa6 Nd5 34. Bd2 Bd7 35. Bxb7 Bc8 36. a6 1-0